| 000 | 01189nam a22002297a 4500 | ||
|---|---|---|---|
| 003 | OSt | ||
| 005 | 20250922125301.0 | ||
| 008 | 250922t2017 ag ||||r|||| 00| p spa d | ||
| 020 | _a978-987-1912-71-1 | ||
| 040 | _cBesoc | ||
| 080 | _082-1(8) | ||
| 245 | 0 | 0 |
_a25 antenas : _bpoesía hispanoamericana / _cselección, edición y prólogo, Bernardo Orge. |
| 246 | 1 | 3 |
_aVeinticinco antenas : _bpoesía hispanoamericana. |
| 250 | _a1a ed. | ||
| 260 |
_aRosario : _bEditorial Municipal de Rosario ; _bCentro Cultural Parque de España, _c2017. |
||
| 300 |
_a292 p. ; _c21 cm. |
||
| 505 | 0 | _aEscriben: Hugo Padelleti ; Marosa Di Giorgio ; Antonio Cisneros ; Humberto Ak'Abal ; Circe Maia ; Joaquín O. Giannuzzi ; Elvira Hernández ; Edwin Madrid ; Gonzalo Millán ; Carmen Ollé ; Carlos Germán Belli ; Elder Silva ; María Auxiliadora Álvarez ; Fabio Morábito ; Marilyn Contardi ; José Kozer ; Victor Gaviria ; Joaquín Morales ; Igor Barreto ; José Ángel Cuevas ; Carola Brantome ; Raúl Zurita ; Roberto Appratto ; Teresa Calderón y A. Morales Cruz. | |
| 650 | 4 |
_aLiteratura _zHispanoamericana |
|
| 655 | 4 | _aPoesía | |
| 700 | 1 |
_aOrge, Bernardo, _d1988- _eeditor |
|
| 942 |
_2udc _cLPD _n0 |
||
| 999 |
_c595 _d595 |
||